000 00674nam a22002177a 4500
999 _c4599
_d4599
003 AR-CdUCM
008 190311b ||||| |||| 00| 0 spa d
040 _aMUNICIPALIDAD PROVINCIAL DEL CUSCO
_cBIBLIOTECA MUNICIPAL DEL CUSCO
082 _a869.56 /
_bB38
100 _aBelevan, Enriqueta
_914358
245 _aPoemas de la bella pájara hornera :
_b1966 - 1983 /
260 _aLima :
_bAlfa,
_c1984.
300 _c20 cm.
500 _aDonación de la familia Nieto. No cuenta con numeración impresa
650 _aPerú
_935
650 _aPoesía peruana
_9806
650 _aSiglo XX
_98
650 _aPoetisas Peruanas
_914359
942 _2ddc
_cLIBROS
945 _araen